| 000 | ncm a22 a 4500 | ||
|---|---|---|---|
| 999 |
_c353541 _d353541 |
||
| 003 | BLK | ||
| 005 | 20201007040716.0 | ||
| 008 | 180414b bul |a|er|||| |0| c|bulo| | ||
| 040 | _aBLK | ||
| 041 |
_aRUS _cRUS |
||
| 080 |
_aКамерна вок. муз. Песни, балади, арии, романси _b784.3 _z784.3 |
||
| 080 |
_aБас - мъжки певчески глас _b78.087.613.3 _z78.087.613.3 |
||
| 100 |
_aРосини, Джоакино Антонио _eпърви автор _91299 |
||
| 139 |
_aРосини, Джоакино Антонио _bР 86 |
||
| 245 | 1 | 0 |
_aАрии из опер _bДля баса в сопровождении фортепиано |
| 254 | _aКлавир | ||
| 257 | _aRUS | ||
| 260 |
_bМузыка _c1968 _aМосква |
||
| 300 |
_a64 с. _c29 см |
||
| 380 | _a7 | ||
| 505 | _t"Итальянка в Алжире": (Ария Мустафы) | ||
| 505 | _t"Севильский цирюльник": (Ария дона Базилио Ария Бартоло) | ||
| 505 | _t"Золушка": (Ария дона Маньифико) | ||
| 505 | _t"Семирамида": (Речитатив и ария Ассура) | ||
| 505 | _t"Вильгельм Телль": (Речитатив и ария Вильгельма) | ||
| 650 | 0 |
_aАрии - за бас _9363122 |
|
| 653 | 7 |
_aбаси _9181709 |
|
| 653 | _aарии | ||
| 852 | _aЦб М ІІ 5150 | ||
| 856 | 4 |
_qpdf _u |
|
| 856 | 4 |
_qpdf _u |
|
| 942 |
_cNOT _n0 _s1 |
||
| 944 |
_aCR _c2020-04-10 _kВалентина Караджова |
||
| 999 | _d353541 | ||
| 999 | _d353541 | ||